00577nam a2200205Ia 4500003000400000005001700004008004100021040000700062041001200069082001600081100007300097245004900170260004200219300001400261365001200275440000600287563000700293650002200300700004900322OSt20240403144253.0210707s1978 xx 000 0 und d cAL aKannada aK894.9 SITH aSITARAMAYYA (V), Eddಎಂ.ವಿ.ಸೀತಾರಾಮಯ್ಯ aHariharadeva.b ಹರಿಹರದೇವ aBengalurubAi Bi Ech Prakashanac1978 avii,240 p b18cINR v6 aHB aKannada Criticism a Basavaradhya.d ಬಸವರಾಧ್ಯ